Etruscan Cities by Modern Population - Statistics

General Stats
  • This quiz has been taken 30 times
  • The average score is 11 of 20
Answer Stats
Population Etruscan Name City % Correct
2,848,084 Ruma Rome
100%
1,404,431 Methlan Milan
89%
366,133 Felsna Bologna
85%
358,079 Birent Florence
85%
962,003 Nepulis Naples
85%
581,088 Cainua Genoa
78%
146,299 Parma Parma
74%
158,886 Mutina Modena
67%
219,103 Verna Verona
63%
187,056 Tarcste Trieste
48%
118,673 Arimna Rimini
44%
149,257 Caralu Cagliari
41%
153,773 Liburna Livorno
41%
203,725 Pathva Padua
41%
169,140 Regiu Reggio Calabria
41%
184,826 Vrixia Brescia
37%
125,797 Irna Salerno
33%
120,137 Perusna Perugia
30%
181,082 Tara Taranto
22%
119,618 Muthice Monza
11%
No matching quizzes found
Score Distribution
Percent of People with Each Score
Percentile by Number Answered
Your Score History
You have not taken this quiz